An introduction to millikelvin technology / (Record no. 6856)

MARC details
000 -LEADER
fixed length control field 01032cam a2200277 a 4500
001 - CONTROL NUMBER
control field 534243
003 - CONTROL NUMBER IDENTIFIER
control field OSt
005 - DATE AND TIME OF LATEST TRANSACTION
control field 20210409174422.0
008 - FIXED-LENGTH DATA ELEMENTS--GENERAL INFORMATION
fixed length control field 871019s1989 enka b 001 0 eng
010 ## - LIBRARY OF CONGRESS CONTROL NUMBER
LC control number 87030928
020 ## - INTERNATIONAL STANDARD BOOK NUMBER
International Standard Book Number 0521344565
040 ## - CATALOGING SOURCE
Original cataloging agency DLC
Transcribing agency DLC
Modifying agency DLC
082 00 - DEWEY DECIMAL CLASSIFICATION NUMBER
Classification number 536.5BET 1989
100 1# - MAIN ENTRY--PERSONAL NAME
Personal name Betts, D. S.
Fuller form of name (David Sheridan),
Dates associated with a name 1936-
9 (RLIN) 14060
245 13 - TITLE STATEMENT
Title An introduction to millikelvin technology /
Statement of responsibility, etc. David S. Betts.
260 ## - PUBLICATION, DISTRIBUTION, ETC. (IMPRINT)
Place of publication, distribution, etc. Cambridge [Cambridgeshire] ;
-- New York :
Name of publisher, distributor, etc. Cambridge University Press,
Date of publication, distribution, etc. 1989.
300 ## - PHYSICAL DESCRIPTION
Extent viii, 102 p. :
Other physical details ill. ;
Dimensions 24 cm.
440 #0 - SERIES STATEMENT/ADDED ENTRY--TITLE
Title Cambridge studies in low temperature physics
9 (RLIN) 14061
500 ## - GENERAL NOTE
General note Includes index.
504 ## - BIBLIOGRAPHY, ETC. NOTE
Bibliography, etc Bibliography: p. [96]-100.
650 #0 - SUBJECT ADDED ENTRY--TOPICAL TERM
Topical term or geographic name as entry element Low temperatures
General subdivision Measurement.
9 (RLIN) 14062
856 42 - ELECTRONIC LOCATION AND ACCESS
Materials specified Publisher description
Uniform Resource Identifier <a href="http://www.loc.gov/catdir/description/cam023/87030928.html">http://www.loc.gov/catdir/description/cam023/87030928.html</a>
856 41 - ELECTRONIC LOCATION AND ACCESS
Materials specified Table of contents
Uniform Resource Identifier <a href="http://www.loc.gov/catdir/toc/cam028/87030928.html">http://www.loc.gov/catdir/toc/cam028/87030928.html</a>
906 ## - LOCAL DATA ELEMENT F, LDF (RLIN)
a 7
b cbc
c orignew
d 1
e ocip
f 19
g y-gencatlg
942 ## - ADDED ENTRY ELEMENTS (KOHA)
Source of classification or shelving scheme Dewey Decimal Classification
Koha item type Open Shelf
Holdings
Withdrawn status Lost status Source of classification or shelving scheme Damaged status Not for loan Home library Current library Date acquired Source of acquisition Inventory number Total Checkouts Full call number Barcode Date last seen Price effective from Koha item type
    Dewey Decimal Classification     MUST Main Library MUST Main Library 09/04/2021 purchase 06/26570   536.5BET 1989 2021-0396 09/04/2021 09/04/2021 Open Shelf
    Dewey Decimal Classification     MUST Main Library MUST Main Library 09/04/2021 purchase 04/22879   536.5BET 1989 2021-0397 09/04/2021 09/04/2021 Open Shelf
    Dewey Decimal Classification     MUST Main Library MUST Main Library 09/04/2021 purchase 04/22878   536.5BET 1989 2021-0398 09/04/2021 09/04/2021 Open Shelf
    Dewey Decimal Classification     MUST Main Library MUST Main Library 12/04/2021 purchase 05/24809   536.5BET 1989 2021-0399 09/04/2021 09/04/2021 Open Shelf
    Dewey Decimal Classification     MUST Main Library MUST Main Library 09/04/2021 purchase 05/24810   536.5BET 1989 2021-0401 09/04/2021 09/04/2021 Open Shelf